Historia y crítica de la literatura española

Salvato in:
Dettagli Bibliografici
Autori principali: Rico, Francisco (Autore), Deyermond, Alan (Autore), Egido, Aurora (Autore), Carreño, Antonio (Autore), Dadson, Trevor J (Autore), Micó, José María (Autore), Grazia Profeti, María (Autore), Ruano de la Haza, José M (Autore), Schwartz Lerner, Lía, Vitse Marc (Autore), Vaíllo, Carlos (Autore), Caso González, José Miguel (Autore), Zavala, Iris M (Autore), Wardropper, Bruce W (Autore), Ynduraín, Domingo (Autore)
Altri autori: López Estrada, Francisco (autor), Mainer, José Carlos (autor)
Natura: Libro
Lingua:spagnolo
Pubblicazione: Barcelona Crítica 1979
Soggetti:
Tags: Aggiungi Tag
Nessun Tag, puoi essere il primo ad aggiungerne!!

MARC

LEADER 00000nam a2200000 a 4500
001 UCX6055
003 CL-VaPUC
008 930408e19790000SP |||||||||||||||||spa|d
082 0 4 |a 860.9  |b RIC  |2 21 
100 |a Rico, Francisco  |e author  |9 392 
700 0 |a Deyermond, Alan  |e author  |9 322458 
700 |a López Estrada, Francisco  |e autor  |9 468354 
700 0 |a Egido, Aurora  |e author  |9 322460 
700 0 |a Carreño, Antonio  |e author  |9 322461 
700 0 |a Dadson, Trevor J  |e author  |9 322462 
700 0 |a Micó, José María  |e author  |9 322463 
700 0 |a Grazia Profeti, María  |e author  |9 322464 
700 0 |a Ruano de la Haza, José M  |e author  |9 322465 
700 0 |a Schwartz Lerner, Lía, Vitse Marc  |e author  |9 322466 
700 0 |a Vaíllo, Carlos  |e author  |9 322467 
700 0 |a Caso González, José Miguel  |e author  |9 322468 
700 0 |a Zavala, Iris M  |e author  |9 322469 
700 |a Mainer, José Carlos  |e autor  |9 477384 
700 0 |a Deyermond, Alan  |e author  |9 322458 
700 0 |a Wardropper, Bruce W  |e author  |9 322471 
700 0 |a Ynduraín, Domingo  |e author  |9 322472 
245 1 0 |a Historia y crítica de la literatura española 
300 |a 8 v 
942 |c BK 
945 |d 19930408 00:00:00 
260 |a Barcelona  |b Crítica  |c 1979 
500 |a v.1: Edad Media 
500 |a v.2: Siglos de oro: renacimiento 
500 |a v.3: Siglos de oro: barroco 
500 |a v.4: Ilustración y Neoclasicismo 
500 |a v.5: Romanticismo y realismo 
500 |a v.6: Modernismo y 98 
500 |a v.7: Epoca Contemporánea 
500 |a v.8: Epoca Contemporánea: 1939-1980 
500 |a v.9: Crónica de quince años: 1975-1990 
650 0 |a Literatura española  |9 306261 
650 7 |a HISTORIA Y CRITICA SIGLO 13  |2 CL-VaPUC  |9 322473 
650 7 |a HISTORIA Y CRITICA SIGLO 16  |2 CL-VaPUC  |9 321604 
583 |a last modification  |c 19930408 00:00:00  |k Rodrigo Vera 
999 |c 226156  |d 226154 
952 |0 0  |1 0  |4 0  |6 860_900000000000000_RIC_1979  |7 0  |8 A  |9 224293  |a FDOPOS  |b FDOPOS  |d 2019-11-15  |h v.1  |i 2930714  |o 860.9 RIC 1979  |p 2930714  |r 2025-01-22  |w 2019-11-15  |y BK  |k MLH 
952 |0 0  |1 0  |4 0  |6 860_900000000000000_RIC_1979  |7 0  |8 A  |9 224294  |a FDOPOS  |b FDOPOS  |d 2019-11-15  |h v.1 p.1  |i 3028518  |o 860.9 RIC 1979  |p 3028518  |r 2025-01-22  |w 2019-11-15  |y BK  |k MLH 
952 |0 0  |1 0  |4 0  |6 860_900000000000000_RIC_1979  |7 0  |8 A  |9 224295  |a FDOPOS  |b FDOPOS  |d 2019-11-15  |h v.2  |i 2930722  |o 860.9 RIC 1979  |p 2930722  |r 2025-01-22  |w 2019-11-15  |y BK  |k MLH 
952 |0 0  |1 0  |4 0  |6 860_900000000000000_RIC_1979  |7 0  |8 A  |9 224296  |a FDOPOS  |b FDOPOS  |d 2019-11-15  |h v.2 p.1  |i 3028526  |o 860.9 RIC 1979  |p 3028526  |r 2025-01-22  |w 2019-11-15  |y BK  |k MLH 
952 |0 0  |1 0  |4 0  |6 860_900000000000000_RIC_1979  |7 0  |8 A  |9 224297  |a FDOPOS  |b FDOPOS  |d 2019-11-15  |h v.3 p.1  |i 3028534  |o 860.9 RIC 1979  |p 3028534  |r 2025-01-22  |w 2019-11-15  |y BK  |k MLH 
952 |0 0  |1 0  |4 0  |6 860_900000000000000_RIC_1979  |7 0  |8 A  |9 224298  |a FDOPOS  |b FDOPOS  |d 2019-11-15  |h v.4  |i 3028461  |o 860.9 RIC 1979  |p 3028461  |r 2025-01-22  |w 2019-11-15  |y BK  |k MLH 
952 |0 0  |1 0  |4 0  |6 860_900000000000000_RIC_1979  |7 0  |8 A  |9 224299  |a FDOPOS  |b FDOPOS  |d 2019-11-15  |h v.5  |i 302847K  |o 860.9 RIC 1979  |p 302847K  |r 2025-01-22  |w 2019-11-15  |y BK  |k MLH 
952 |0 0  |1 0  |4 0  |6 860_900000000000000_RIC_1979  |7 0  |8 A  |9 224300  |a FDOPOS  |b FDOPOS  |d 2019-11-15  |h v.6  |i 3028488  |o 860.9 RIC 1979  |p 3028488  |r 2025-01-22  |w 2019-11-15  |y BK  |k MLH 
952 |0 0  |1 0  |4 0  |6 860_900000000000000_RIC_1979  |7 0  |8 A  |9 224301  |a FDOPOS  |b FDOPOS  |d 2019-11-15  |h v.6 p.1  |i 3028542  |o 860.9 RIC 1979  |p 3028542  |r 2025-01-22  |w 2019-11-15  |y BK  |k MLH 
952 |0 0  |1 0  |4 0  |6 860_900000000000000_RIC_1979  |7 0  |8 A  |9 224303  |a FDOPOS  |b FDOPOS  |d 2019-11-15  |h v.3  |i 1497545  |o 860.9 RIC 1979  |p 1497545  |r 2025-01-22  |w 2019-11-15  |y BK  |k MLH 
952 |0 0  |1 0  |4 0  |6 860_900000000000000_RIC_1979  |7 0  |8 A  |9 224304  |a FDOPOS  |b FDOPOS  |d 2019-11-15  |h v.5  |i 1497553  |o 860.9 RIC 1979  |p 1497553  |r 2025-01-22  |w 2019-11-15  |y BK  |k MLH 
952 |0 0  |1 0  |4 0  |6 860_900000000000000_RIC_1979  |7 0  |8 A  |9 224305  |a FDOPOS  |b FDOPOS  |d 2019-11-15  |h v.6  |i 1497561  |o 860.9 RIC 1979  |p 1497561  |r 2025-01-22  |w 2019-11-15  |y BK  |k MLH 
952 |0 0  |1 0  |4 0  |6 860_900000000000000_RIC_1979  |7 0  |8 A  |9 224306  |a FDOPOS  |b FDOPOS  |d 2019-11-15  |h v.8  |i 1321579  |o 860.9 RIC 1979  |p 1321579  |r 2025-01-22  |w 2019-11-15  |y BK  |k MLH